Automobile engineering V.1 : automobile chasis and body excluding engine plus miscellaneous topics (Record no. 187419)

MARC details
000 -LEADER
fixed length control field 00526nam a2200169Ia 4500
008 - FIXED-LENGTH DATA ELEMENTS--GENERAL INFORMATION
fixed length control field 231217s9999 xx 000 0 und d
020 ## - INTERNATIONAL STANDARD BOOK NUMBER
International Standard Book Number 8180141195
041 ## - LANGUAGE CODE
Language code of text/sound track or separate title English
082 ## - DEWEY DECIMAL CLASSIFICATION NUMBER
Classification number 629.23 SIN.1;16 R
100 ## - MAIN ENTRY--PERSONAL NAME
Personal name Singh, Kirpal.
245 #0 - TITLE STATEMENT
Title Automobile engineering V.1 : automobile chasis and body excluding engine plus miscellaneous topics
250 ## - EDITION STATEMENT
Edition statement 12th ed.
260 ## - PUBLICATION, DISTRIBUTION, ETC.
Date of publication, distribution, etc. 2009
Name of publisher, distributor, etc. Standard,
Place of publication, distribution, etc. New Delhi
300 ## - PHYSICAL DESCRIPTION
Extent xi, 668
650 ## - SUBJECT ADDED ENTRY--TOPICAL TERM
Topical term or geographic name entry element Automobile,V.1,automobile,chasis,body,excluding,engine
942 ## - ADDED ENTRY ELEMENTS (KOHA)
Koha item type Books
Holdings
Date last seen Total checkouts Full call number Accession number Cost, total (INR) price Price effective from Category Lost status Damaged status Department Withdrawn status Home library Current library Shelving location Entry date Vendor Cost, normal purchase price Grants Billnumber Billdate Currency symbol Conversion rate Discount Old discount
26/01/2024   629.23 SIN.1;16 R 67852 233.75 26/01/2024 Books     Central Library   Central Library Central Library Central Library 29/07/2010 Sapna Book House 275.00 ME SBH/CRB/064674 25/02/2014 RS 1 41.25 15
26/01/2024   629.23 SIN.1;17 R1 67853 233.75 26/01/2024 Books     Central Library   Central Library Central Library Central Library 29/07/2010 Sapna Book House 275.00 ME SBH/CRB/064674 25/02/2014 RS 1 41.25 15
26/01/2024   629.23 SIN.1;18 67854 233.75 26/01/2024 Books     Central Library   Central Library Central Library Central Library 29/07/2010 Sapna Book House 275.00 ME SBH/CRB/064674 25/02/2014 RS 1 41.25 15
26/01/2024   629.23 SIN.1;19 67855 233.75 26/01/2024 Books     Central Library   Central Library Central Library Central Library 29/07/2010 Sapna Book House 275.00 ME SBH/CRB/064674 25/02/2014 RS 1 41.25 15
26/01/2024   629.23 SIN.1;20 67856 233.75 26/01/2024 Books     Central Library   Central Library Central Library Central Library 29/07/2010 Sapna Book House 275.00 ME SBH/CRB/064674 25/02/2014 RS 1 41.25 15

© For any Suggestions or Query, please contact the library staff @ librarian@pes.edu or Phone: +9180 2672 1983/ 2108.